000 00680cam a22002293a 4500
001 19528
003 PGUSA
005 20140828083420.0
008 061012s2006||||xxu|||||s|||||000 | eng d
040 _aPGUSA
_beng
042 _adc
050 4 _aML
100 1 _aAlverson, Margaret Blake,
_d1836-1923
245 1 0 _aSixty Years of California Song
_h[electronic resource] /
_cMargaret Blake Alverson
260 _bProject Gutenberg,
_c2006
506 _aPublic domain in the USA.
516 _aElectronic text
653 _aMusic -- California -- History and criticism
830 0 _aProject Gutenberg
_v19528
856 4 0 _uhttp://www.gutenberg.org/ebooks/19528
942 _cEB
999 _c248783
_d248783